| 000 | 00443nam a2200133Ia 4500 | ||
|---|---|---|---|
| 008 | 200619s9999 xx 000 0 und d | ||
| 020 | _a9.7800302703e+012 | ||
| 100 | _a Mankiw, N. Gregory | ||
| 245 |
_c Gregory Mankiw, N.-- _aPrinciples of economics : _binstructor's resource manual / |
||
| 250 | _a2nd ed. | ||
| 260 |
_aMason, Ohio : _bThomson/South-Western _c2002 |
||
| 650 | _aEconomics -- Handbooks, manuals, etc. | ||
| 650 | _aEconomics. | ||
| 999 |
_c363757 _d363757 |
||